تشيخوف اخر عمالقة الادب / (رقم التسجيلة. 91500)
[ عرض عادي ]
| 000 -LEADER | |
|---|---|
| fixed length control field | 00584nam a22002057a 4500 |
| 005 - DATE AND TIME OF LATEST TRANSACTION | |
| control field | 20251108172915.0 |
| 008 - FIXED-LENGTH DATA ELEMENTS--GENERAL INFORMATION | |
| fixed length control field | 250721s1998 xx 000 0 ara d |
| 082 14 - DEWEY DECIMAL CLASSIFICATION NUMBER | |
| Classification number | ط/920/بدو |
| 100 1# - MAIN ENTRY--PERSONAL NAME | |
| Personal name | البدوي، خليل |
| Relator term | comp. |
| 245 10 - TITLE STATEMENT | |
| Title | تشيخوف اخر عمالقة الادب / |
| 264 1# - PRODUCTION, PUBLICATION, DISTRIBUTION, MANUFACTURE, AND COPYRIGHT NOTICE | |
| Place of production, publication, distribution, manufacture | عمان : |
| Name of producer, publisher, distributor, manufacturer | ار الاسراء، |
| Date of production, publication, distribution, manufacture, or copyright notice | 1998. |
| 300 ## - PHYSICAL DESCRIPTION | |
| Extent | 16/ص |
| 490 0# - SERIES STATEMENT | |
| Series statement | الناجحون |
| Volume/sequential designation | 5 |
| 650 17 - SUBJECT ADDED ENTRY--TOPICAL TERM | |
| Topical term or geographic name as entry element | التراجم |
| 650 17 - SUBJECT ADDED ENTRY--TOPICAL TERM | |
| Topical term or geographic name as entry element | الرجال |
| 650 17 - SUBJECT ADDED ENTRY--TOPICAL TERM | |
| Topical term or geographic name as entry element | العلماء |
| 653 ## - INDEX TERM--UNCONTROLLED | |
| Uncontrolled term | ناشاون صغار (10-14 سنه ) |
| 942 ## - ADDED ENTRY ELEMENTS (KOHA) | |
| Source of classification or shelving scheme | Dewey Decimal Classification |
| Koha item type | كتب |
| حالة السحب | حالة الفقدان | مصدر التصنيف | حالة التلف | غير قابل للإعارة | المكتبة الرئيسية | المكتبة الحالية | موقع الرف | تاريخ التزويد | الرقم المتسلسل | Total Checkouts | رقم الإستدعاء | الباركود | تاريخ آخر ظهور | تاريخ الفاتورة | نوع المادة (كوها) |
|---|---|---|---|---|---|---|---|---|---|---|---|---|---|---|---|
| Dewey Decimal Classification | مكتبة قتيبة للأطفال | مكتبة قتيبة للأطفال | الأطفال | 14/11/2017 | 1665492 | ط/920/بدو | PLD00411133 | 28/07/2025 | 14/11/2017 | كتب | |||||
| Dewey Decimal Classification | مكتبة الأميرة ايمان العامة | مكتبة الأميرة ايمان العامة | الأطفال | 23/11/2013 | [2969] | ط/920/بدو | PLD00287643 | 28/07/2025 | 23/11/2013 | كتب | |||||
| Dewey Decimal Classification | مكتبة الاميرة بديعة | مكتبة الاميرة بديعة | الأطفال | 14/07/2015 | [2622].. | ط/920/بدو | PLD00337890 | 28/07/2025 | 14/07/2015 | كتب | |||||
| Dewey Decimal Classification | مكتبة الحسن العامة | مكتبة الحسن العامة | الأطفال | 02/09/2018 | 02826 | ط/920/بدو | PLD00429161 | 28/07/2025 | 02/09/2018 | كتب | |||||
| Dewey Decimal Classification | مكتبة الراية الهاشمية للأطفال | مكتبة الراية الهاشمية للأطفال | الأطفال | 04/01/2003 | 295208 | ط/920/بدو | PLD00358935 | 28/07/2025 | 04/01/2003 | كتب | |||||
| Dewey Decimal Classification | مكتبة وادي السير العامة | مكتبة وادي السير العامة | الأطفال | 15/11/2015 | [3084] | ط/920/بدو | PLD00364510 | 28/07/2025 | 15/11/2015 | كتب |